[Event "4NCL Online Division 4"]
[Site "online"]
[Date "2020.04.14"]
[Round "2.34"]
[White "Steiners, Emils"]
[Black "Brennan, J Ross"]
[Result "0-1"]
[WhiteElo "1405"]
[BlackElo "1706"]
[PlyCount "232"]
[EventDate "2020.04.14"]
[WhiteTeam "Battersea Howitzers"]
[BlackTeam "Bon Accord B"]

1. d4 d5 2. c4 e6 3. cxd5 exd5 4. Nc3 Nf6 5. Nf3 c6 6. Bg5 Be7 7. e3 Bg4 8. h3
Be6 9. Bd3 Nbd7 10. O-O O-O 11. Qc2 h6 12. Bh4 Rc8 13. Rac1 Re8 14. Rfd1 Nh5
15. Bxe7 Qxe7 16. Qb3 Nf8 17. Rc2 Nf6 18. Ne5 Rb8 19. a4 N8d7 20. Nxd7 Nxd7 21.
Qa2 Qb4 22. b3 Nf6 23. Qb2 Rec8 24. Ra1 a6 25. Rcc1 Qe7 26. Qc2 Qd7 27. b4 Qe7
28. Rab1 Bd7 29. Rb2 Rc7 30. Rcb1 Rbc8 31. Qd2 Qe6 32. Ne2 Qe7 33. Rc1 Ne4 34.
Bxe4 Qxe4 35. Ng3 Qe7 36. Rbc2 Be6 37. Rb1 Bd7 38. Rbc1 Be6 39. Rb1 Bd7 40. Qc3
Be6 41. Qa3 h5 42. Rb3 h4 43. Ne2 Qg5 44. Nf4 Bf5 45. Rcc3 Qe7 46. Qc1 g5 47.
Ne2 Be6 48. f3 f6 49. Qf1 Kg7 50. f4 Rf8 51. f5 Bd7 52. Rb1 Rfc8 53. Qf3 Qf7
54. Rf1 Kh6 55. Rc2 Qh5 56. Qf2 Qe8 57. g3 Qh5 58. g4 Qe8 59. Nc1 Qe4 60. Qd2
Re8 61. Re1 Bc8 62. Nd3 Rce7 63. Nf2 Qf3 64. Rc3 Qg3+ 65. Kf1 Qd6 66. Rb3 Qh2
67. Rb2 Kg7 68. Qd3 Qg3 69. Rbe2 Qd6 70. Rb1 Qg3 71. Rb3 Qd6 72. Ke1 Qg3 73.
Kd1 Qg1+ 74. Kc2 Qg3 75. Kb2 Qf3 76. Ka3 Qg3 77. a5 Qd6 78. e4 dxe4 79. Nxe4
Qf4 80. Nc3 Rxe2 81. Nxe2 Qf1 82. Rb2 Qh1 83. Rb1 Qe4 84. Qxe4 Rxe4 85. Re1
Re3+ 86. Kb2 Rxh3 87. Nc3 Rh2+ 88. Kb3 Kf7 89. Re2 Rxe2 90. Nxe2 Ke7 91. Kc4
Kd6 92. Ng1 Bd7 93. Nf3 Be8 94. Ne1 Bf7+ 95. Kc3 Bd5 96. Nd3 h3 97. Nf2 h2 98.
Kd3 h1=Q 99. Nxh1 Bxh1 100. Ke3 Kd5 101. Kd3 Bf3 102. Ke3 Bxg4 103. Kd3 Bxf5+
104. Ke3 Be4 105. Kd2 f5 106. Ke3 f4+ 107. Kf2 g4 108. Kg1 Kxd4 109. Kf1 g3
110. b5 cxb5 111. Kg1 f3 112. Kf1 b4 113. Ke1 b3 114. Kd2 g2 115. Ke1 Kd3 116.
Kd1 g1=Q# 0-1

[Event "4NCL Online Division 4"]
[Site "online"]
[Date "2020.04.14"]
[Round "2.41"]
[White "Dean, Robert A"]
[Black "Chwieseni, Edward I"]
[Result "1-0"]
[WhiteElo "1744"]
[BlackElo "1696"]
[PlyCount "127"]
[EventDate "2020.04.14"]
[WhiteTeam "Bradford DCA Knights B"]
[BlackTeam "War & Piece"]

1. e4 e5 2. Nf3 Nc6 3. Bb5 a6 4. Ba4 Nf6 5. O-O Be7 6. Re1 d6 7. c3 O-O 8. h3
b5 9. Bb3 Be6 10. d4 exd4 11. Nxd4 Nxd4 12. cxd4 Bxb3 13. Qxb3 c5 14. dxc5 dxc5
15. Nc3 c4 16. Qc2 Qd3 17. Qxd3 cxd3 18. e5 Ne8 19. Nd5 Bc5 20. Bg5 f6 21. exf6
Nxf6 22. Bxf6 gxf6 23. Rad1 Bd4 24. Nc7 Rad8 25. Ne6 Bxb2 26. Nxd8 Rxd8 27. Re7
d2 28. Kf1 Kf8 29. Rxh7 Rd6 30. Rh5 Kg7 31. Rf5 Bc1 32. Rf3 Rd4 33. Rc3 Ra4 34.
a3 Bxa3 35. Rxd2 Bb4 36. Rd7+ Kh6 37. Rcc7 Ra1+ 38. Ke2 Re1+ 39. Kf3 Kg5 40. g4
Bf8 41. Rc8 Be7 42. Rg8+ Kh6 43. Re8 Bb4 44. Rxe1 Bxe1 45. Rd6 Bc3 46. Rxa6 Kg5
47. Rb6 b4 48. Rb5+ Kg6 49. h4 Kh6 50. h5 Kg7 51. Ke4 Kh6 52. f4 Kg7 53. g5
fxg5 54. fxg5 Kh7 55. Rb7+ Kg8 56. Kf5 Kf8 57. Kg6 Ke8 58. Kh7 Kd8 59. g6 Kc8
60. Rb5 Kc7 61. g7 Kc6 62. Rb8 Bxg7 63. Kxg7 Kc5 64. h6 1-0

[Event "4NCL Online Division 4"]
[Site "online"]
[Date "2020.04.14"]
[Round "2.42"]
[White "O'Byrne, Daniel"]
[Black "Ibbitson, Anthony"]
[Result "1/2-1/2"]
[WhiteElo "1669"]
[BlackElo "1735"]
[PlyCount "41"]
[EventDate "2020.04.14"]
[WhiteTeam "War & Piece"]
[BlackTeam "Bradford DCA Knights B"]

1. e4 e6 2. d4 d5 3. Nc3 Nf6 4. e5 Nfd7 5. Nf3 a6 6. Be2 c5 7. O-O Be7 8. dxc5
Nxc5 9. Nd4 Nc6 10. Nxc6 bxc6 11. Bd3 Nxd3 12. cxd3 O-O 13. Na4 c5 14. Qc2 Qa5
15. Bd2 Qb5 16. Rfc1 Bd7 17. Nxc5 Bxc5 18. Qxc5 Qxd3 19. Qe3 Qxe3 20. Bxe3 Rac8
21. b4 1/2-1/2

[Event "4NCL Online Division 4"]
[Site "online"]
[Date "2020.04.14"]
[Round "2.43"]
[White "Tait, Bill"]
[Black "Chapman, Chas"]
[Result "1/2-1/2"]
[WhiteElo "1640"]
[BlackElo "1675"]
[PlyCount "107"]
[EventDate "2020.04.14"]
[WhiteTeam "Bradford DCA Knights B"]
[BlackTeam "War & Piece"]

1. e4 c5 2. Nc3 d6 3. f4 g6 4. Nf3 Bg7 5. d3 Nc6 6. a3 Nf6 7. Be2 O-O 8. O-O
Bd7 9. Kh1 Qb6 10. Rb1 a5 11. Na4 Qc7 12. c4 Rfb8 13. Nc3 Nd4 14. a4 Nxe2 15.
Qxe2 Ne8 16. Qc2 Qd8 17. b3 Nc7 18. Bb2 e6 19. Qd2 Bc6 20. Ne2 Bxb2 21. Qxb2 d5
22. Ne5 Ra6 23. Ng4 d4 24. Ne5 f6 25. Nxc6 Rxc6 26. Rf2 Kg7 27. Rc1 b6 28. Rb1
Na6 29. Rbf1 Qe7 30. Qd2 f5 31. exf5 exf5 32. Ng1 Rh8 33. Nf3 h6 34. Re2 Re6
35. Ne5 Nb4 36. Ref2 Nc6 37. Nxc6 Rxc6 38. Re2 Re6 39. Rxe6 Qxe6 40. Re1 Qd7
41. Re5 Re8 42. Qe2 Rxe5 43. Qxe5+ Kh7 44. Kg1 Qg7 45. Qxg7+ Kxg7 46. h4 Kf6
47. Kf2 g5 48. g3 gxf4 49. gxf4 Kg6 50. Kg2 Kh5 51. Kg3 Kg6 52. Kg2 Kh5 53. Kg3
Kg6 54. Kg2 1/2-1/2

[Event "4NCL Online Division 4"]
[Site "online"]
[Date "2020.04.14"]
[Round "2.44"]
[White "Thomas, Jacob"]
[Black "Waite, Nicholas"]
[Result "1-0"]
[WhiteElo "1457"]
[BlackElo "1412"]
[PlyCount "67"]
[EventDate "2020.04.14"]
[WhiteTeam "War & Piece"]
[BlackTeam "Bradford DCA Knights B"]

1. e4 d6 2. d4 Nf6 3. Nc3 Nbd7 4. Nf3 e5 5. dxe5 dxe5 6. Bg5 Be7 7. Bc4 c6 8.
a4 b6 9. O-O h6 10. Bh4 g5 11. Bg3 Qc7 12. Qe2 Bd6 13. h4 g4 14. Nh2 h5 15. f3
Bb7 16. fxg4 Rg8 17. g5 O-O-O 18. Bxf7 Rgf8 19. Be6 Ne8 20. Rxf8 Bxf8 21. Qxh5
Ng7 22. Bxd7+ Rxd7 23. Qg4 Kb8 24. Bxe5 Bd6 25. Bxd6 Rxd6 26. h5 Bc8 27. Qe2
Qe7 28. h6 Ne6 29. Rd1 Nd4 30. Qd3 c5 31. Qg3 Bb7 32. g6 Qxe4 33. Qxd6+ Ka8 34.
Nxe4 1-0

[Event "4NCL Online Division 4"]
[Site "online"]
[Date "2020.04.14"]
[Round "2.51"]
[White "Pedersen, Carsten"]
[Black "McCarthy, Maurice"]
[Result "1-0"]
[WhiteElo "2155"]
[BlackElo "1978"]
[PlyCount "73"]
[EventDate "2020.04.14"]
[WhiteTeam "Celtic Tigers Cubs"]
[BlackTeam "Morriston Alekhine"]

1. e4 c5 2. Nc3 a6 3. g3 Nc6 4. Bg2 g6 5. d3 Bg7 6. f4 d6 7. Nf3 Bg4 8. h3 Bxf3
9. Qxf3 Nd4 10. Qf2 e6 11. O-O Ne7 12. Nd1 Qd7 13. c3 Ndc6 14. Ne3 f5 15. a4 d5
16. e5 O-O 17. Nc2 Na5 18. Ra3 c4 19. dxc4 dxc4 20. Be3 Nec6 21. Bb6 Rf7 22.
Ne3 Bf8 23. Raa1 Qe8 24. Rad1 Rc8 25. Qe2 Rd7 26. Rxd7 Qxd7 27. Rd1 Qe8 28. h4
Be7 29. Nxc4 Nxc4 30. Qxc4 Bd8 31. Bxd8 Rxd8 32. Rd6 Rxd6 33. exd6 Kg7 34. Qc5
Kf6 35. b4 e5 36. Bxc6 bxc6 37. Qxe5+ 1-0

[Event "4NCL Online Division 4"]
[Site "online"]
[Date "2020.04.14"]
[Round "2.52"]
[White "Bevan, Peter M"]
[Black "Tivillier, Jacques"]
[Result "1-0"]
[WhiteElo "1855"]
[BlackElo "1945"]
[PlyCount "35"]
[EventDate "2020.04.14"]
[WhiteTeam "Morriston Alekhine"]
[BlackTeam "Celtic Tigers Cubs"]

1. e4 c5 2. Nf3 d6 3. Bb5+ Bd7 4. Bxd7+ Qxd7 5. O-O Nc6 6. c3 Nf6 7. Re1 g5 8.
d4 g4 9. d5 gxf3 10. dxc6 Qg4 11. g3 bxc6 12. Nd2 Bg7 13. Qxf3 Qxf3 14. Nxf3
Rb8 15. e5 dxe5 16. Nxe5 Rb6 17. Nc4 Rb7 18. Nd6+ 1-0

[Event "4NCL Online Division 4"]
[Site "online"]
[Date "2020.04.14"]
[Round "2.54"]
[White "Smith, Andrew R"]
[Black "Kitchen, Peter J"]
[Result "1/2-1/2"]
[WhiteElo "1659"]
[BlackElo "1862"]
[PlyCount "43"]
[EventDate "2020.04.14"]
[WhiteTeam "Morriston Alekhine"]
[BlackTeam "Celtic Tigers Cubs"]

1. e4 e6 2. d4 d5 3. exd5 exd5 4. Nf3 Nf6 5. Bd3 Bd6 6. O-O O-O 7. h3 Be6 8.
Bg5 Nbd7 9. c3 c6 10. Re1 Qc7 11. Qc2 h6 12. Bxf6 Nxf6 13. Ne5 Nh5 14. Nd2 Nf4
15. Bf5 Rfe8 16. Ndf3 Qc8 17. Bxe6 Rxe6 18. Qf5 Rf6 19. Qxc8+ Rxc8 20. Ng4 Re6
21. Rxe6 Nxe6 22. g3 1/2-1/2

[Event "4NCL Online Division 4"]
[Site "online"]
[Date "2020.04.14"]
[Round "2.61"]
[White "Tomlinson, Zak"]
[Black "Seymour, Paul"]
[Result "1-0"]
[WhiteElo "1802"]
[BlackElo "1667"]
[PlyCount "75"]
[EventDate "2020.04.14"]
[WhiteTeam "Chessmates"]
[BlackTeam "Surbiton 3"]

1. e4 d5 2. exd5 Qxd5 3. Nc3 Qd6 4. d4 Nf6 5. Nf3 a6 6. g3 Bg4 7. Bg2 Nc6 8.
Be3 O-O-O 9. h3 Bh5 10. g4 Bg6 11. a3 e6 12. Qe2 h6 13. O-O-O Nd5 14. Nxd5 Qxd5
15. Nh4 Be4 16. c4 Qa5 17. Bxe4 g5 18. Nf3 Bg7 19. Bd2 Qb6 20. c5 Qb5 21. Qxb5
axb5 22. Bxc6 bxc6 23. Bc3 Rd5 24. Rhe1 Rhd8 25. Ne5 Bxe5 26. Rxe5 R8d7 27.
Rxd5 cxd5 28. Rf1 c6 29. f4 Kd8 30. Bd2 gxf4 31. Bxf4 h5 32. gxh5 f5 33. Rg1
Ke8 34. h6 Rh7 35. Rg7 Rxg7 36. hxg7 Kf7 37. Be5 f4 38. Kd2 1-0

[Event "4NCL Online Division 4"]
[Site "online"]
[Date "2020.04.14"]
[Round "2.62"]
[White "Subin, Samvrit"]
[Black "Fisher, Neal"]
[Result "0-1"]
[WhiteElo "1652"]
[BlackElo "1720"]
[PlyCount "99"]
[EventDate "2020.04.14"]
[WhiteTeam "Surbiton 3"]
[BlackTeam "Chessmates"]

1. e4 d6 2. d4 Nf6 3. Nc3 c6 4. Nf3 Qc7 5. Bd3 Nbd7 6. O-O e5 7. dxe5 dxe5 8.
Bg5 Be7 9. Qe2 h6 10. Bh4 Nf8 11. a3 Ng6 12. Bg3 Nh5 13. b4 O-O 14. b5 Be6 15.
bxc6 bxc6 16. Nd2 Ngf4 17. Qf3 Qa5 18. Bc4 Bxc4 19. Nxc4 Qxc3 20. Qxc3 Ne2+ 21.
Kh1 Nxc3 22. Nxe5 Nxe4 23. Nxc6 Bc5 24. Ne5 Bd4 25. Rae1 Nhxg3+ 26. hxg3 Nxf2+
27. Kh2 Rac8 28. Nf3 Bb6 29. Re2 Ng4+ 30. Kh1 Ne3 31. Rfe1 Nxc2 32. Rd1 Nxa3
33. Ra2 Nc4 34. Nh4 g5 35. Nf5 Kh7 36. Ra4 Ne3 37. Nxe3 Bxe3 38. Re1 Bb6 39.
Rae4 Rc2 40. Re7 a5 41. Rb7 Bf2 42. Ra1 Bxg3 43. Ra7 Bc7 44. Kg1 Bb6+ 45. Kh1
Bxa7 46. Rxa5 Rc1+ 47. Kh2 Bb8+ 48. Kh3 Rc3+ 49. Kg4 f5+ 50. Kh5 0-1

[Event "4NCL Online Division 4"]
[Site "online"]
[Date "2020.04.14"]
[Round "2.64"]
[White "Morrison, Joseph"]
[Black "Harris, John"]
[Result "0-1"]
[WhiteElo "1495"]
[BlackElo "1712"]
[PlyCount "66"]
[EventDate "2020.04.14"]
[WhiteTeam "Surbiton 3"]
[BlackTeam "Chessmates"]

1. c4 g6 2. Nc3 Bg7 3. g3 Nf6 4. Bg2 O-O 5. d4 d6 6. Nf3 Nc6 7. O-O Bf5 8. Nh4
Bg4 9. h3 Bd7 10. e4 e5 11. d5 Na5 12. Qe2 c5 13. f4 Nh5 14. Qd3 exf4 15. Ne2
fxg3 16. Nf3 Qc8 17. h4 b5 18. cxb5 c4 19. Qa3 Nb7 20. Nf4 Bxb5 21. Nxh5 gxh5
22. Re1 Nc5 23. Rb1 Qg4 24. b4 Nd3 25. Rf1 c3 26. Be3 c2 27. Rb3 Qxe4 28. Bd2
Bd4+ 29. Nxd4 Qxd4+ 30. Kh1 Nf2+ 31. Kg1 Nh3+ 32. Kh1 Qg1+ 33. Rxg1 Nf2# 0-1

[Event "4NCL Online Division 4"]
[Site "online"]
[Date "2020.04.14"]
[Round "2.71"]
[White "Hooker, Steve"]
[Black "Zakarian, Dimitrios Levon"]
[Result "0-1"]
[WhiteElo "1990"]
[BlackElo "1877"]
[PlyCount "146"]
[EventDate "2020.04.14"]
[WhiteTeam "Dorking"]
[BlackTeam "Oxford 3"]

1. e4 c5 2. Nc3 a6 3. d4 cxd4 4. Qxd4 Nc6 5. Qd2 e6 6. b3 Nf6 7. Bb2 Bb4 8. f3
O-O 9. a3 Ba5 10. O-O-O b5 11. Qg5 b4 12. Nce2 bxa3 13. Bxa3 Bb4 14. Bb2 Be7
15. Qg3 Qa5 16. Kb1 Bb7 17. Nc1 Rac8 18. Bc4 d6 19. f4 Rfd8 20. Nf3 d5 21. exd5
exd5 22. Bd3 Nb4 23. Rhe1 Qc7 24. Nd4 Nxd3 25. Nxd3 Ne4 26. Qe3 Bf6 27. Ne5 Nd6
28. g4 Nb5 29. Re2 Nxd4 30. Bxd4 Re8 31. g5 Bxe5 32. Bxe5 Qc5 33. Qd3 Bc6 34.
Red2 a5 35. Qd4 Qxd4 36. Rxd4 Re6 37. Rg1 Kf8 38. Rd2 Bb7 39. Kb2 Rec6 40. Ra1
Ra6 41. Bc3 Rca8 42. Rd4 Bc6 43. f5 Ke7 44. Rh4 Bd7 45. f6+ gxf6 46. Bxf6+ Kd6
47. Rxh7 Be6 48. Ra4 Rc6 49. h4 Rxc2+ 50. Kxc2 Bf5+ 51. Kc3 Bxh7 52. Kd4 Bc2
53. Ra3 a4 54. b4 Bb3 55. h5 Rc8 56. h6 Rc4+ 57. Kd3 Rh4 58. Kc3 Kc6 59. Be7
Rh1 60. Bf6 Kb5 61. Be7 Rh3+ 62. Kd4 Rh1 63. Ke5 Kc4 64. Kf6 d4 65. g6 fxg6 66.
Kxg6 d3 67. Bg5 Kxb4 68. Be7+ Kc3 69. h7 d2 70. Bf6+ Kc4 71. Ra1 Bc2+ 72. Kf7
Rxh7+ 73. Ke6 d1=Q 0-1

[Event "4NCL Online Division 4"]
[Site "online"]
[Date "2020.04.14"]
[Round "2.72"]
[White "Bush, Ian"]
[Black "Herman, Thomas"]
[Result "0-1"]
[WhiteElo "1870"]
[BlackElo "1802"]
[PlyCount "80"]
[EventDate "2020.04.14"]
[WhiteTeam "Oxford 3"]
[BlackTeam "Dorking"]

1. e4 Nc6 2. Nf3 e5 3. Bc4 Bc5 4. b4 Bxb4 5. c3 Ba5 6. d4 d6 7. Qb3 Qd7 8. dxe5
Bb6 9. e6 fxe6 10. Nbd2 Na5 11. Qc2 Nxc4 12. Nxc4 e5 13. O-O Nf6 14. Rd1 Qc6
15. Nxb6 axb6 16. Re1 O-O 17. Qb3+ Kh8 18. Ba3 Qe8 19. h3 Be6 20. c4 b5 21.
Nxe5 bxc4 22. Nxc4 Bxc4 23. Qxc4 Rxa3 24. Qxc7 Qc6 25. Rac1 Qxc7 26. Rxc7 Rb8
27. Rb1 Kg8 28. Rbxb7 Rxb7 29. Rxb7 Nxe4 30. Rd7 Ra6 31. f3 Nc3 32. a3 Nb5 33.
a4 Nc3 34. a5 Ne2+ 35. Kf2 Nd4 36. Ke3 Nb3 37. Ke4 Nxa5 38. Kd5 Nc6 39. Rc7
Nb4+ 40. Kc4 Rc6+ 0-1

[Event "4NCL Online Division 4"]
[Site "online"]
[Date "2020.04.14"]
[Round "2.73"]
[White "Collins, Anthony S"]
[Black "Arora, Tashika"]
[Result "1-0"]
[WhiteElo "1716"]
[BlackElo "1787"]
[PlyCount "77"]
[EventDate "2020.04.14"]
[WhiteTeam "Dorking"]
[BlackTeam "Oxford 3"]

1. e4 c5 2. Nf3 d6 3. d4 cxd4 4. Nxd4 Nf6 5. Nc3 g6 6. f3 Bg7 7. Be3 O-O 8. Qd2
Nc6 9. O-O-O Bd7 10. h4 h5 11. Bc4 Rc8 12. Bb3 Ne5 13. Kb1 a6 14. Bh6 b5 15.
Bxg7 Kxg7 16. Qg5 b4 17. Nce2 a5 18. Nf5+ Bxf5 19. exf5 Qd7 20. fxg6 a4 21.
gxf7+ Kh7 22. Bd5 Nxf7 23. Bxf7 Rxf7 24. Qe3 Qf5 25. Nd4 Qc5 26. Qd3+ Kh8 27.
Ne6 Qc6 28. Qg6 Rh7 29. Ng5 Rg7 30. Qf5 a3 31. g4 axb2 32. Ne6 Rh7 33. g5 Nd7
34. g6 Rh6 35. Nd4 Qc5 36. Qxd7 e5 37. Qf7 exd4 38. g7+ Kh7 39. g8=R# 1-0

[Event "4NCL Online Division 4"]
[Site "online"]
[Date "2020.04.14"]
[Round "2.74"]
[White "Bentham, Sam"]
[Black "Davies, Will"]
[Result "1-0"]
[WhiteElo "1625"]
[BlackElo "1547"]
[PlyCount "177"]
[EventDate "2020.04.14"]
[WhiteTeam "Oxford 3"]
[BlackTeam "Dorking"]

1. c4 Nf6 2. Nc3 g6 3. e4 d6 4. d4 Bg7 5. Nf3 O-O 6. Be2 e5 7. d5 Nh5 8. g3 f5
9. exf5 Bxf5 10. Ng5 Nf6 11. O-O Qd7 12. Bd3 a5 13. Bxf5 gxf5 14. Ne6 Rf7 15.
Bg5 c6 16. Qd2 cxd5 17. cxd5 Na6 18. Nxg7 Kxg7 19. Bh6+ Kh8 20. f4 e4 21. Qd4
Nc7 22. Rac1 Kg8 23. Rc2 b5 24. Bg5 b4 25. Bxf6 bxc3 26. a4 cxb2 27. Rxb2 Na6
28. Rb6 Nb4 29. Rb5 Qa7 30. Qxa7 Raxa7 31. Rb8+ Rf8 32. Rxf8+ Kxf8 33. Rd1 Rc7
34. Rd2 Rc5 35. Kf2 Rxd5 36. Rxd5 Nxd5 37. Bd8 Nc3 38. Bxa5 Nxa4 39. Ke3 Nc5
40. Bb4 Ke7 41. h3 Ke6 42. g4 Nb7 43. g5 d5 44. h4 Nd6 45. h5 Nb5 46. Bc5 Kf7
47. Bb6 Kg7 48. Bc5 Nc7 49. Bd4+ Kf7 50. Bb6 Ne6 51. Ba7 Ng7 52. h6 Ne6 53. Bb6
Kg6 54. Ba7 Kh5 55. Bb8 d4+ 56. Ke2 Kg4 57. g6 d3+ 58. Ke3 Nd4 59. g7 Nc2+ 60.
Kd2 e3+ 61. Kxd3 Kf3 62. g8=Q e2 63. Kxc2 e1=Q 64. Qb3+ Kg4 65. Qg8+ Kf3 66.
Qb3+ Kg4 67. Qd3 Qf2+ 68. Qd2 Qc5+ 69. Kd1 Qg1+ 70. Kc2 Qc5+ 71. Qc3 Qxc3+ 72.
Kxc3 Kh5 73. Kd4 Kxh6 74. Ke5 Kg6 75. Ba7 h6 76. Bf2 Kh5 77. Bg3 Kg4 78. Be1
Kh5 79. Kf6 Kg4 80. Ke5 Kh5 81. Bd2 Kg4 82. Kf6 h5 83. Ke5 h4 84. Be3 h3 85.
Bg1 Kg3 86. Kxf5 Kg2 87. Kg4 h2 88. Bxh2 Kxh2 89. f5 1-0

[Event "4NCL Online Division 4"]
[Site "online"]
[Date "2020.04.14"]
[Round "2.81"]
[White "Williams, Stephen M"]
[Black "Rossiter, Alex"]
[Result "1-0"]
[WhiteElo "1892"]
[BlackElo "1997"]
[PlyCount "57"]
[EventDate "2020.04.14"]
[WhiteTeam "Downend 2"]
[BlackTeam "Bristol Cabot Blackbeards"]

1. d4 f5 2. g3 Nf6 3. Bg2 g6 4. Nh3 Bg7 5. Nf4 Nc6 6. c3 O-O 7. Nd2 e5 8. dxe5
Nxe5 9. Qb3+ Kh8 10. Nf3 Nxf3+ 11. Bxf3 c6 12. Be3 d5 13. O-O-O Qe7 14. h4 a5
15. a4 Ne4 16. Bxe4 Qxe4 17. h5 g5 18. h6 gxf4 19. hxg7+ Kxg7 20. Bd4+ Kg8 21.
gxf4 Rf7 22. Rdg1+ Kf8 23. Bc5+ Ke8 24. Rg8+ Kd7 25. Rhg1 Qxf4+ 26. Be3 Qd6 27.
Qb6 Qc7 28. Qd4 Ke6 29. Re8+ 1-0

[Event "4NCL Online Division 4"]
[Site "online"]
[Date "2020.04.14"]
[Round "2.82"]
[White "Turner, Lewis A"]
[Black "Burroughs, Adam"]
[Result "0-1"]
[WhiteElo "1802"]
[BlackElo "1847"]
[PlyCount "70"]
[EventDate "2020.04.14"]
[WhiteTeam "Bristol Cabot Blackbeards"]
[BlackTeam "Downend 2"]

1. d4 d5 2. Nc3 Nf6 3. Bf4 Bf5 4. f3 e6 5. g4 Bg6 6. h4 h5 7. g5 Nfd7 8. e3 Be7
9. Bd3 Bxd3 10. Qxd3 c5 11. Nge2 cxd4 12. exd4 Nc6 13. O-O-O g6 14. Kb1 a6 15.
Rhe1 Nb6 16. Ng3 Nc4 17. Qe2 Qb6 18. Bc1 Nxd4 19. Rxd4 Qxd4 20. f4 Rc8 21. Rd1
Qb6 22. Ka1 O-O 23. f5 Bb4 24. Rd3 Bxc3 25. Rxc3 exf5 26. b3 Qb4 27. Rd3 Rfe8
28. c3 Rxe2 29. cxb4 Ne5 30. Rd1 Rg2 31. Bf4 Nf3 32. Nf1 Rcc2 33. Ne3 Rxa2+ 34.
Kb1 Rgb2+ 35. Kc1 Nd2 0-1

[Event "4NCL Online Division 4"]
[Site "online"]
[Date "2020.04.14"]
[Round "2.83"]
[White "Ahmed, Bilal"]
[Black "Novakov, Oleksii"]
[Result "0-1"]
[WhiteElo "1637"]
[BlackElo "1562"]
[PlyCount "74"]
[EventDate "2020.04.14"]
[WhiteTeam "Downend 2"]
[BlackTeam "Bristol Cabot Blackbeards"]

1. e4 c6 2. d4 d5 3. e5 Bf5 4. Nf3 e6 5. c3 c5 6. Be2 Nc6 7. O-O cxd4 8. cxd4
Bg6 9. Bd2 Nge7 10. Na3 a6 11. Rc1 Nf5 12. Bg5 Be7 13. Bxe7 Qxe7 14. Qa4 O-O
15. Rfd1 Rfc8 16. Nc2 b5 17. Qb3 Na5 18. Qb4 Rxc2 19. Qxa5 Rxe2 20. Rc7 Qd8 21.
Qc3 b4 22. Qc1 Bh5 23. Ne1 Rxb2 24. Qxb2 Qxc7 25. Rc1 Qb6 26. Nc2 Rc8 27. Ne3
Rxc1+ 28. Qxc1 h6 29. Nxf5 exf5 30. Qb2 a5 31. Qd2 a4 32. h3 b3 33. axb3 Qxb3
34. Qc1 a3 35. Qc8+ Kh7 36. Qxf5+ Bg6 37. Qd7 a2 0-1

[Event "4NCL Online Division 4"]
[Site "online"]
[Date "2020.04.14"]
[Round "2.84"]
[White "Burnett, Philip"]
[Black "Benkhoucha, Samy"]
[Result "1-0"]
[WhiteElo "1390"]
[BlackElo "1427"]
[PlyCount "75"]
[EventDate "2020.04.14"]
[WhiteTeam "Bristol Cabot Blackbeards"]
[BlackTeam "Downend 2"]

1. d4 d5 2. Nf3 Nf6 3. e3 c5 4. b3 Nc6 5. Bb2 Bg4 6. Nbd2 e6 7. c4 cxd4 8. exd4
Bd6 9. Bd3 Qc7 10. Qc2 Nb4 11. Qc3 Nxd3+ 12. Qxd3 Bf5 13. Qc3 h6 14. O-O O-O
15. Rac1 Rac8 16. c5 Be7 17. Ne5 Bh7 18. f4 Nd7 19. Nxd7 Qxd7 20. Qf3 f6 21.
Qe3 Rfe8 22. Rfe1 Bf8 23. Nf3 g5 24. fxg5 hxg5 25. h3 Qf7 26. Rf1 Bf5 27. g4
Bg6 28. Nxg5 Bh6 29. h4 Qd7 30. Rxf6 Qg7 31. Rxe6 Be4 32. Rxe8+ Rxe8 33. Qg3
Bxg5 34. hxg5 Qxg5 35. Rf1 Kg7 36. Qf4 Qh4 37. Qf7+ Kh6 38. Rf6+ 1-0

[Event "4NCL Online Division 4"]
[Site "online"]
[Date "2020.04.14"]
[Round "2.91"]
[White "Tarling, Ray"]
[Black "Chaplin, Peter E"]
[Result "1/2-1/2"]
[WhiteElo "1930"]
[BlackElo "2046"]
[PlyCount "121"]
[EventDate "2020.04.14"]
[WhiteTeam "Guildford Gatekeepers"]
[BlackTeam "Weston Super Mare"]

1. e4 c5 2. b3 d6 3. f4 Nf6 4. Nc3 g6 5. Nf3 Bg7 6. Bb5+ Nc6 7. Bxc6+ bxc6 8.
Rb1 O-O 9. O-O Ba6 10. Re1 c4 11. d4 cxd3 12. cxd3 Qa5 13. b4 Qc7 14. d4 Rab8
15. e5 Nd5 16. Nxd5 cxd5 17. a4 Bc8 18. Ba3 Bf5 19. Rc1 Qb6 20. b5 Rfc8 21. Qd2
Be4 22. Ng5 dxe5 23. Rxc8+ Rxc8 24. Nxe4 dxe4 25. fxe5 Bxe5 26. Rxe4 Bd6 27.
Bxd6 Qxd6 28. d5 Rd8 29. Qd4 Rd7 30. a5 e6 31. b6 axb6 32. axb6 Qxd5 33. Qb4
Qd1+ 34. Re1 Qd4+ 35. Qxd4 Rxd4 36. Rb1 Rd8 37. b7 Rb8 38. Kf2 Kf8 39. Ke3 Ke7
40. Kf4 f6 41. h4 e5+ 42. Ke4 Ke6 43. g4 f5+ 44. Kf3 e4+ 45. Kf4 fxg4 46. Kxg4
Ke5 47. Kg5 e3 48. Kh6 Kf4 49. Kxh7 e2 50. Kxg6 Rxb7 51. Re1 Rb6+ 52. Kg7 Re6
53. h5 Kg5 54. Kf7 Re3 55. h6 Kxh6 56. Kf6 Kh5 57. Kf5 Kh6 58. Kf4 Re8 59. Kf3
Re7 60. Rxe2 Rxe2 61. Kxe2 1/2-1/2

[Event "4NCL Online Division 4"]
[Site "online"]
[Date "2020.04.14"]
[Round "2.93"]
[White "Merriman, Rob"]
[Black "Sookphanich, Golf"]
[Result "0-1"]
[WhiteElo "1727"]
[BlackElo "1757"]
[PlyCount "80"]
[EventDate "2020.04.14"]
[WhiteTeam "Guildford Gatekeepers"]
[BlackTeam "Weston Super Mare"]

1. e4 e6 2. d4 d5 3. Nd2 Nf6 4. e5 Nfd7 5. Bd3 c5 6. c3 Nc6 7. Ne2 Qc7 8. f4
Nb6 9. O-O Bd7 10. Kh1 O-O-O 11. dxc5 Bxc5 12. b4 Be3 13. Nb3 Bxc1 14. Rxc1 Nc4
15. Bxc4 dxc4 16. Nbd4 Be8 17. Qc2 Nxd4 18. Nxd4 Bc6 19. b5 Bd5 20. b6 Qxb6 21.
Rb1 Qa6 22. Nb5 Rd7 23. Nd6+ Kb8 24. Rb4 f5 25. Rfb1 Rg8 26. Qa4 Qxa4 27. Rxa4
g5 28. Kg1 gxf4 29. Rb2 Rdg7 30. Rab4 Rxg2+ 31. Rxg2 Rxg2+ 32. Kf1 Rxh2 33. a4
h5 34. Nxc4 h4 35. Nd6 h3 36. Rxf4 Rg2 37. Rh4 h2 38. Nb5 Rg1+ 39. Kf2 h1=Q 40.
Rxh1 Rxh1 0-1

[Event "4NCL Online Division 4"]
[Site "online"]
[Date "2020.04.14"]
[Round "2.94"]
[White "Isaac, Oliver T"]
[Black "Tarling, Adam"]
[Result "1-0"]
[WhiteElo "1682"]
[BlackElo "1705"]
[PlyCount "95"]
[EventDate "2020.04.14"]
[WhiteTeam "Weston Super Mare"]
[BlackTeam "Guildford Gatekeepers"]

1. d4 Nf6 2. Bf4 d5 3. e3 e6 4. Nd2 Be7 5. Bd3 O-O 6. Ngf3 b6 7. Ne5 Bb7 8. Qf3
Nbd7 9. Qh3 Ne4 10. f3 Nef6 11. g4 g6 12. Bh6 Re8 13. O-O-O c5 14. c3 c4 15.
Bc2 a5 16. f4 Ne4 17. Bxe4 dxe4 18. Ndxc4 Bd5 19. Kb1 b5 20. Nd2 f6 21. Nxd7
Qxd7 22. Qg2 Qc6 23. h4 Bf8 24. Bxf8 Rxf8 25. h5 Kg7 26. g5 f5 27. Rh4 Rh8 28.
Rdh1 Qe8 29. Qh3 Qg8 30. hxg6 hxg6 31. Rxh8 Qxh8 32. Qxh8+ Rxh8 33. Rxh8 Kxh8
34. b3 Kg7 35. c4 bxc4 36. bxc4 Bc6 37. Nb3 a4 38. Nc5 Kf7 39. Kb2 Ke7 40. Ka3
Kd6 41. Nxa4 Bb7 42. c5+ Kc6 43. Kb4 Ba6 44. Nb6 Bb7 45. Nc4 Kd5 46. Ne5 Ba6
47. Nxg6 Bc4 48. Ne7# 1-0

[Event "4NCL Online Division 4"]
[Site "online"]
[Date "2020.04.14"]
[Round "2.101"]
[White "Patel, Rishi"]
[Black "Allison, Conrad"]
[Result "1-0"]
[WhiteElo "1891"]
[BlackElo "1837"]
[PlyCount "63"]
[EventDate "2020.04.14"]
[WhiteTeam "Harrow 3"]
[BlackTeam "Kent KJCA Kestrels C"]

1. e4 g6 2. d4 Bg7 3. Nf3 c5 4. Be3 Nc6 5. Nc3 cxd4 6. Nxd4 Nf6 7. Nxc6 bxc6 8.
e5 Nd5 9. Nxd5 cxd5 10. Qxd5 Rb8 11. O-O-O Bb7 12. Qc5 O-O 13. h4 Be4 14. c3 d6
15. exd6 exd6 16. Rxd6 Qe7 17. Rxg6 Qb7 18. Rxg7+ Kxg7 19. Bh6+ Kh8 20. b3 Rbc8
21. Qd4+ f6 22. Bxf8 Rxf8 23. f3 Bg6 24. h5 Be8 25. Bc4 Qc7 26. h6 Qg3 27. Qg4
Qc7 28. Rd1 Bg6 29. Qd7 Qf4+ 30. Kb2 Qxh6 31. Qxa7 Bf5 32. Qe7 1-0